Top Gun Quotes - Statistics

General Stats
  • This quiz has been taken 19,046 times
    16,276 since last reset
  • The average score is 10 of 17
Answer Stats
Quote % Correct
I feel the need... the need for {speed}
97%
(Song) Take my {breath} away
91%
You can be my {wingman} anytime
82%
(Song) You've lost that {loving} feeling
78%
You don't have time to {think} up there. If you {think}, you're dead.
77%
Talk to me, {Goose}
74%
Your ego's writing {checks} your body can't cash
72%
Take me to {bed} or lose me forever
62%
The Defense Department regrets to inform you that your sons are dead because they were {stupid}
56%
I'll hit the {brakes}, he'll fly right by
54%
It's time to {buzz} the tower
54%
Let's turn and {burn}
49%
I don't like you because you're {dangerous}
47%
You were in a four G {inverted} dive with a MiG?
41%
You have to have {carnal} knowledge, of a lady this time, on the premises
38%
(response to fly-by request) Negative, the {pattern} is full
33%
The hard {deck} for this hop was 10,000 feet. You knew it. You broke it.
32%
No matching quizzes found
Score Distribution
Percent of People with Each Score
Percentile by Number Answered
Your Score History
You have not taken this quiz since the last reset